Les plus grosses ventes d'Angers SCO - Statistiques

Statistiques générales
  • Ce quiz a été pris 328 fois
  • Le résultat moyen est 10 sur 15
Statistiques - réponses
Saison Prix Club acheteur Joueur % Correct
2019/2020 18millions Olympique Lyonnais Jeff Reine-Adélaïde
87%
2017/2018 18 millions LOSC Nicolas Pépé
87%
2022/2023 8 millions OM Azzedine Ounahi
84%
2018/2019 18 millions Villareal CF Karl Toko EKambi
83%
2022/2023 11 millions Real Sociedad Mohamed Ali-Cho
78%
2021/2022 11,10 millions Wolverhampton Rayan Aït-Nouri
78%
2022/2023 6 millions Al-Rayyan SC Sofiane Boufal
74%
2020/2021 10 millions SC Fribourg Baptiste Santamaria
72%
2019/2020 9 millions Stade Rennais Flavien Tait
68%
2022/2023 6 millions 1.FSV Mainz 05 Angelo Fulgini
52%
2023/2024 4 millions Stade de Reims Amine Salama
48%
2021/2022 7 millions OGC Nice Bilal Brahimi
43%
2016/2017 4 millions Wolverhampton Romain Saïss
39%
2022/2023 4 millions Udinese Enzo Ebosse
33%
2017/2018 6 millions Bristol City Famara Diédhiou
28%
Aucun quiz correspondant
Distribution des résultats
% des personnes avec chaque résultat
Percentile par nombre de réponses
Votre historique - résultats
Vous n’avez pas pris ce quiz